| 000 | 00625nam a2200205 i 4500 | ||
|---|---|---|---|
| 001 | 133725 | ||
| 003 | ES-MaACL | ||
| 005 | 20230906194519.0 | ||
| 007 | t| | ||
| 008 | 070827s1918 xxu ||||1| eng d | ||
| 100 | 1 |
_aWoodworth, Robert Sessions. _9117354 |
|
| 245 | 1 | 0 |
_aDynamic psychology / _cby Robert Sessions Woodworth. |
| 260 |
_aNew York : _bColumbia University Press, _c1918. |
||
| 300 |
_a210 p. ; _c20 cm. |
||
| 490 | 1 | _aColumbia University Lectures | |
| 650 | 1 | 4 |
_aPsicologĂa- _xMetodologĂa. _916548 |
| 830 | 0 |
_aColumbia University Lectures _9219774 |
|
| 852 |
_aES-MaACL _jB-11776 |
||
| 999 |
_c133725 _d133725 |
||